000 00595nam a22002057a 4500
005 20260415103852.0
010 _aENG-148273
020 _a9788194799788
_c795.00
035 _aEN-131805
037 _bDBAD
082 _21
100 _aMishra,S.R
_988873
245 _aAn introduction to Gender Studies in Physical Education And Sports
_cS.R Mishra
250 _a1
260 _aNew Delhi
_bS.R Mishra
270 _a101-103, 4787/23, Ansari Road, Daryaganj
300 _a198.pg
_c22.5cm(pb)
700 _aB.Ghosh, S.K Dash
_988874
942 _2ddc
_cEN
_e1
_h796.01
_mpro
999 _c215867
_d215867